| 000 | 01041cam a2200217 4500 | ||
|---|---|---|---|
| 001 | L130666 | ||
| 002 | 8743 | ||
| 008 | 050823n2004 000 0 eng u | ||
| 020 | _a1859461603 | ||
| 035 | _a(Sirsi) u130666 | ||
| 041 | 0 | _aeng | |
| 050 | 0 | 4 |
_a711.52 _c18 |
| 100 | 1 | _aCorbett, Nick | |
| 245 |
_aTransforming cities _brevival in the square |
||
| 260 |
_aLondon _bRIBA Enterprises _c2004 |
||
| 300 |
_a168p _c22cm |
||
| 350 | _a19.95 | ||
| 520 | _aProvides challenging insights into the design and management of public space and demonstrates how design strategies for new public spaces can transform cities. Illustrated throughout with international examples of best practice, the book focuses on the role of urban design strategies in managing the development process, the location of public spaces and the physical structure of cities. Concludes with a detailed case study of Birmingham's urban renaissance. References and further reading. | ||
| 690 | _aBUILT ENVIRONMENT-CONSTRUCTION DESIGN-ARCHITECTURAL DESIGN | ||
| 942 | _n0 | ||
| 999 |
_c104508 _d104508 |
||